|
|
|
|
| LEADER |
00648nab a2200181 i 4500 |
| 001 |
publ5020 |
| 005 |
20180906143601.0 |
| 008 |
150316s2014 hu o 0|| spanyol d |
| 022 |
|
|
|a 1416-7263
|
| 024 |
7 |
|
|a 2859375
|2 mtmt
|
| 040 |
|
|
|a SZTE Publicatio Repozitórium
|b hun
|
| 041 |
|
|
|a spanyol
|
| 100 |
1 |
|
|a Lénárt András
|
| 245 |
1 |
3 |
|a La imagen de Hungría en el cine franquista
|h [elektronikus dokumentum] /
|c Lénárt András
|
| 260 |
|
|
|a Szegedi Tudomanyegyetem
|c 2014
|
| 300 |
|
|
|a 101-111
|
| 490 |
0 |
|
|a Acta Hispanica - Acta Universitatis Szegediensis
|v 19
|
| 856 |
4 |
0 |
|u http://publicatio.bibl.u-szeged.hu/5020/1/ActaHispanica19_101.pdf
|z Dokumentum-elérés
|